000 00651nam a2200229Ia 4500
003 OSt
005 20220930202119.0
006 a|||||r|||| 00| 0
007 ta
008 220926b |||||||| |||| 00| 0 hin d
024 _a81293
037 _cDissertations
040 _aCRL
_cCRL
_bhin
041 _2hin
_ahin
100 _aRoll No 727
_9566591
110 _aUniversity of Delhi. Faculty of Arts. Department of Hindi
245 0 _aTulsidas ka prageet kavya
650 _aHINDI LITERATURE
_923866
700 _aUniversity of Delhi. Faculty of Arts. Department of Hindi
942 _cDIS
_2CC
999 _c902781
_d902781